Fiefs du Royaume de France en l'an 1030 - Carte Quiz - Statistiques

Statistiques générales
  • Ce quiz a été pris 1 567 fois
    1 566 depuis la dernière actualisation
  • Le résultat moyen est 9 sur 36
Réponses sur la Carte
Les réponses sont colorées sur une échelle allant du rouge au vert en fonction du pourcentage des utilisateurs qui les ont devinées à leur premier essai. Vous pouvez retrouver ces pourcentages ci-dessous.
 
Statistiques - réponses
Réponse % Correct
Bretagne (Duché)
78%
Aquitaine (Duché)
77%
Normandie (Duché)
73%
Flandre (Comté)
59%
Toulouse (Comté)
59%
Anjou (Comté)
53%
Bourgogne (Duché)
51%
Domaine Royal
51%
Amiens (Comté)
36%
Gévaudan (Comté)
30%
Beauvais (S. ecclésiastique)
25%
Vasconie (Duché)
25%
Nevers (Comté)
24%
Bléso-champenoise (Principauté)
22%
Bourbon (Seigneurie)
22%
Bourges (Vicomté)
22%
Rouergue (Comté)
22%
Tournai (S. ecclésiastique)
20%
Reims (S. ecclésiastique)
19%
Velay (Comté)
18%
Vexin (Comté)
15%
Sens (Comté)
14%
Langres (S. ecclésiastique)
13%
Ponthieu (Comté)
12%
Laon (S. ecclésiastique)
11%
Gâtinais (Comté)
10%
Montlhéry (Seigneurie)
10%
Bar-sur-Aube (Comté)
9%
Châlons (S. ecclésiastique)
9%
Rethel (Comté)
9%
Tonnerre (Comté)
9%
Vermandois (Comté)
8%
Corbie (S. ecclésiastique)
7%
Valois (Comté)
6%
Vitry (Comté)
6%
Noyon (S. ecclésiastique)
5%
Aucun quiz correspondant
Distribution des résultats
% des personnes avec chaque résultat
Percentile par nombre de réponses
Votre historique - résultats
Vous n’avez pas pris ce quiz depuis la dernière actualisation